书目信息 |
| 题名: |
曼昆《宏观经济学》(第五版)课后习题详解
|
|
| 作者: | ;上海恩波学校 , 翔高教育经济学研究中心联合 编写 | |
| 分册: | ||
| 出版信息: | 上海 复旦大学出版社 2007.08 |
|
| 页数: | 182页 | |
| 开本: | 26cm | |
| 丛书名: | ||
| 单 册: | ||
| 中图分类: | F015-44 | |
| 科图分类: | ||
| 主题词: | 宏观经济学--hong guan jing ji xue--高等学校--题解 | |
| 电子资源: | ||
| ISBN: | 978-7-309-05665-5 | |
| 000 | 01141nam0 2200241 450 | |
| 001 | 012008463265 | |
| 005 | 20080512150837.35 | |
| 010 | @a978-7-309-05665-5@dCNY21.80 | |
| 100 | @a20080510d2007 em y0chiy0120 ea | |
| 101 | 0 | @achi |
| 102 | @aCN@b310000 | |
| 105 | @ay q 000yy | |
| 106 | @ar | |
| 200 | 1 | @a曼昆《宏观经济学》(第五版)课后习题详解@Aman kun《hong guan jing ji xue》(di wu ban)ke hou xi ti xiang jie@f上海恩波学校,翔高教育经济学研究中心联合编写@Fshang hai en bo xue xiao,xiang gao jiao yu jing ji xue yan jiu zhong xin lian he bian xie |
| 210 | @a上海@c复旦大学出版社@d2007.08 | |
| 215 | @a182页@d26cm | |
| 330 | @a本书主要参考了曼昆教授本人编写的课后习题答案(英文版),以确保答案和解析的权威性。在组织文字时,尽量剔除其没有意义的冗长的文句,让读者一下子抓住问题的精要所在,可以为读者赢得时间。 | |
| 606 | 0 | @a宏观经济学@Ahong guan jing ji xue@x高等学校@j题解 |
| 690 | @aF015-44@v4 | |
| 711 | 02 | @a上海恩波学校@Ashang hai en bo xue xiao@4编写 |
| 711 | 02 | @a翔高教育经济学研究中心联合@Axiang gao jiao yu jing ji xue yan jiu zhong xin lian he@4编写 |
| 801 | 0 | @aCN@bQSSK@c20080512 |
| 905 | @b710336-40@dF015-44@eS205@f5 | |
| 曼昆《宏观经济学》(第五版)课后习题详解/上海恩波学校,翔高教育经济学研究中心联合编写.-上海:复旦大学出版社,2007.08 |
| 182页;26cm |
| ISBN 978-7-309-05665-5:CNY21.80 |
| 本书主要参考了曼昆教授本人编写的课后习题答案(英文版),以确保答案和解析的权威性。在组织文字时,尽量剔除其没有意义的冗长的文句,让读者一下子抓住问题的精要所在,可以为读者赢得时间。 |
| ● |
| 相关链接 |
|
|
|
正题名:曼昆《宏观经济学》(第五版)课后习题详解
索取号:F015-44/S205
 
预约/预借
| 序号 | 登录号 | 条形码 | 馆藏地/架位号 | 状态 | 备注 |
| 1 | 710336 | 207103365 | 社科库409/409社科库 63排1列2层/ [索取号:F015-44/S205] | 在馆 | |
| 2 | 710337 | 207103374 | 社科库409/409社科库 63排1列2层/ [索取号:F015-44/S205] | 在馆 | |
| 3 | 710338 | 207103383 | 社科二线422/409社科库 63排1列2层/ [索取号:F015-44/S205] | 在馆 | |
| 4 | 710339 | 207103392 | 社科二线422/409社科库 63排1列2层/ [索取号:F015-44/S205] | 在馆 | |
| 5 | 710340 | 207103409 | 社科二线422/409社科库 63排1列2层/ [索取号:F015-44/S205] | 在馆 |